[Event "Oberliga NRW 9900 II"]
[Site "Germany"]
[Date "1999.10.26"]
[Round "1.8"]
[White "Urbatsch, Manfred"]
[Black "Tueckmantel, Rene"]
[Result "0-1"]
[WhiteElo "1857"]
[BlackElo "2050"]
[PlyCount "84"]
[EventDate "1999.10.26"]
[EventType "team"]
[EventRounds "9"]
[EventCountry "GER"]
[SourceTitle "EXT 2001"]
[Source "ChessBase"]
[SourceDate "2000.11.22"]
[SourceVersion "1"]
[SourceVersionDate "2000.11.22"]
[SourceQuality "1"]
[WhiteTeam "Wiedenbrueck"]
[BlackTeam "Solingen II"]
[WhiteTeamCountry "GER"]
[BlackTeamCountry "GER"]

1. e4 e6 2. d4 d5 3. exd5 exd5 4. Nf3 Bd6 5. Bd3 Nf6 6. 0-0 0-0 7. Bg5 Bg4 8. Re1 Nbd7 9. Nbd2 c6 10. c3 Qc7 11. Qc2 Rfe8 12. a3 Bh5 13. h3 Bg6 14. Bxg6 hxg6 15. Rxe8+ Rxe8 16. Re1 Rxe1+ 17. Nxe1 Nh7 18. Ndf3 Nxg5 19. Nxg5 Qd8 20. Ngf3 Qe7 21. Qd2 Nb6 22. Nd3 Nc4 23. Qe1 Qe4 24. Qd1 f6 25. Kf1 Kf7 26. Qe2 b6 27. Nde5+ Bxe5 28. dxe5 Qxe2+ 29. Kxe2 Nxb2 30. exf6 gxf6 31. Nd4 c5 32. Nb5 Nc4 33. Nxa7 Nxa3 34. Nc8 Nc4 35. Na7 Nd6 36. Nc6 Ne4 37. Kd3 Nxf2+ 38. Kc2 Ne4 39. Nd8+ Ke7 40. Nc6+ Kd7 41. Na7 Nd6 42. Kb3 b5 0-1